| 000 | 00000nam 2200000za 4500 |
| 001 | 9.802598 |
| 003 | CaOODSP |
| 005 | 20200330154013 |
| 007 | ta |
| 008 | 150811s2015 onca b f000 0 fre d |
| 020 | |a978-0-660-03192-7|z978-0-660-03193-4 |
| 040 | |aCaOODSP|bfre |
| 043 | |an-cn--- |
| 086 | 1 |aFo4-59/2015F|zFo4-59/2015F-PDF |
| 245 | 00|aConnaissances en sylviculture pour la réhabilitation de terrains perturbés par des activités pétrolières et gazières : |bformation de monticules : préparation mécanique du site. |
| 246 | 10|aFormation de monticules : |bpréparation mécanique du site |
| 260 | |a[Ottawa] : |bRessources naturelles Canada, Service canadien des forêts, |cc2015. |
| 300 | |ai, 20 p. : |bill. ; |c11 x 15 cm. |
| 500 | |aPublié aussi en anglais sous le titre: Silviculture knowledge for reclamation of oil and gas disturbances : mounding : mechanical site preparation. |
| 504 | |aComprend des références bibliographiques (p. 19-20). |
| 692 | 07|2gccst|aIndustrie pétrolière |
| 692 | 07|2gccst|aIndustrie gazière |
| 692 | 07|2gccst|aGestion de l'environnement |
| 692 | 07|2gccst|aArbre |
| 692 | 07|2gccst|aManuel |
| 710 | 1 |aCanada.|bRessources naturelles Canada. |bService canadien des forêts. |
| 775 | 08|tSilviculture knowledge for reclamation of oil and gas disturbances : |w(CaOODSP)9.802596 |
| 776 | 0#|tConnaissances en sylviculture pour la réhabilitation de terrains perturbés par des activités pétrolières et gazières |w(CaOODSP)9.802599 |